<?xml version="1.0" encoding="UTF-8"?><?xml-stylesheet type="text/xsl" href="static/style.xsl"?><OAI-PMH xmlns="http://www.openarchives.org/OAI/2.0/" xmlns:xsi="http://www.w3.org/2001/XMLSchema-instance" xsi:schemaLocation="http://www.openarchives.org/OAI/2.0/ http://www.openarchives.org/OAI/2.0/OAI-PMH.xsd"><responseDate>2026-06-01T19:53:44Z</responseDate><request verb="GetRecord" identifier="oai:riuma.uma.es:10630/30471" metadataPrefix="marc">https://riuma.uma.es/rest/oai/request</request><GetRecord><record><header><identifier>oai:riuma.uma.es:10630/30471</identifier><datestamp>2026-02-03T11:43:52Z</datestamp><setSpec>com_10630_2254</setSpec><setSpec>col_10630_37956</setSpec></header><metadata><record xmlns="http://www.loc.gov/MARC21/slim" xmlns:dcterms="http://purl.org/dc/terms/" xmlns:doc="http://www.lyncode.com/xoai" xmlns:xsi="http://www.w3.org/2001/XMLSchema-instance" xsi:schemaLocation="http://www.loc.gov/MARC21/slim http://www.loc.gov/standards/marcxml/schema/MARC21slim.xsd">
   <leader>00925njm 22002777a 4500</leader>
   <datafield ind2=" " ind1=" " tag="042">
      <subfield code="a">dc</subfield>
   </datafield>
   <datafield ind2=" " ind1=" " tag="720">
      <subfield code="a">López-Rodríguez, Silvia</subfield>
      <subfield code="e">author</subfield>
   </datafield>
   <datafield ind2=" " ind1=" " tag="260">
      <subfield code="c">2023</subfield>
   </datafield>
   <datafield ind2=" " ind1=" " tag="520">
      <subfield code="a">La ciudad es una entidad empírica que se puede descifrar a través de la experiencia física&#xd;
directa pero también a través de las infinitas imágenes que la representan. Cada imagen de nuestro entorno posee información valiosa, un significado propio. Pero lo que intentamos vislumbrar es la articulación en la que se imbrican y de la que emerge una unidad de per- cepción de la ciudad. Se hace necesario, por tanto, repensar de forma radical nuestra rela- ción en el mundo􏰁 el individuo y el entorno en tanto que lugar no son entes absolutamente independientes, sino que el ser humano es necesariamente en el espacio. Cuando sentimos nuestro entorno o experimentamos su atracción, atravesamos “nuestra piel individual para reconocer la piel del mundo. Perdemos el alma para recuperar, aunque sea transitoriamen- te, el alma del mundo”1, pero cuando articulamos este tipo de experiencias, comprobamos también nuestro aislamiento y nuestra separación2. Este texto pretende contribuir al desa- rrollo de una conciencia crítica sobre el espacio en que vivimos. Ha sido escrito pensando en su utilidad para estudiantes y profesionales de distintos ámbitos científicos (arquitectos, historiadores, geógrafos, ...) y está dirigida ante todo a los productores de arte que se preo- cupan por el tema de la ciudad y su percepción.</subfield>
   </datafield>
   <datafield ind1="8" ind2=" " tag="024">
      <subfield code="a">López Rodríguez, S. (2023) "Pensar el espacio: Aproximación a una nueva ontología realista del espacio". El paisaje como construcción : experimentación artística y análisis crítico del paisaje como resultado de procesos sociales = A paisagem como construção : experimentação artistica e análise crítica da paisagem como resultado de processos sociais. Lisboa: Centro de Investigação e de Estudos em Belas-Artes CIEBA, Facultade de Belas-Artes, Universidade de Lisboa.</subfield>
   </datafield>
   <datafield ind1="8" ind2=" " tag="024">
      <subfield code="a">9789898944948</subfield>
   </datafield>
   <datafield ind1="8" ind2=" " tag="024">
      <subfield code="a">https://hdl.handle.net/10630/30471</subfield>
   </datafield>
   <datafield tag="653" ind2=" " ind1=" ">
      <subfield code="a">Espacios públicos</subfield>
   </datafield>
   <datafield tag="653" ind2=" " ind1=" ">
      <subfield code="a">Ontología</subfield>
   </datafield>
   <datafield tag="653" ind2=" " ind1=" ">
      <subfield code="a">Espacio (Arquitectura)</subfield>
   </datafield>
   <datafield ind2="0" ind1="0" tag="245">
      <subfield code="a">Pensar el espacio: Aproximación a una nueva ontología realista del espacio.</subfield>
   </datafield>
</record>
</metadata></record></GetRecord></OAI-PMH>